Theoretical study of coumarine β-cyclodextrin inclusion complexes

Bibliographic Details
Main Authors: Holúbeková, Alžbeta (Author), Mach, P. (Author), Urban, J. (Author)
Format: Article
Language:English
ISBN:9788070976937
Subjects:

MARC

LEADER 00000nab a2200000 a 4500
001 vtls010257745
003 SK-MaSNL
005 20260319070742.0
008 11030209c2007 xo o |||||||||||||||b|en
015 |a SNBRA2009/02 
035 |a SVKKK000094372 
038 |a SVKKK 
040 |a SVKKK  |b slo  |c SVKKK  |e AACR2 
041 0 |a eng 
044 |a xo  |c SK 
080 |a 543.635.24  |2 1997 
100 1 |a Holúbeková, Alžbeta  |4 aut  |9 1085282 
245 1 0 |a Theoretical study of coumarine β-cyclodextrin inclusion complexes  |c A. Holúbeková, P. Mach, J. Urban 
650 0 7 |a β-cyklodextrín  |x inkluzívne komplexy  |x kumaríny  |2 snkbucl  |9 1085283 
700 1 |a Mach, P.  |4 aut  |9 472814 
700 1 |a Urban, J.  |4 aut  |9 558403 
773 0 |t Structure and stability of biomacromolecules SSB 2007  |d Košice : Univerzita Pavla Jozefa Šafárika, 2007  |g S. 73  |z 9788070976937 
852 |a SVKKK  |b BIB 
999 |c 1785613  |d 1787543